| 000 | 00559nam a2200205Ia 4500 | ||
|---|---|---|---|
| 005 | 20250625124411.0 | ||
| 008 | 008 250516s9999 xx 000 0 eng d | ||
| 020 | _a9781032102702 | ||
| 040 |
_beng _cSDCL |
||
| 041 |
_aeng _2eng |
||
| 084 | _aB334 R2 | ||
| 100 |
_aKrantz, Steven G. _9429766 |
||
| 245 | 0 |
_aDifferential equations : _bTheory, technique, and practice |
|
| 250 | _a3rd ed. | ||
| 260 |
_aBoca raton : _bRoutledge, _c2022. |
||
| 300 | _axv, 471p. | ||
| 490 | _aTextbooks in mathematics | ||
| 650 | _aMathematics | ||
| 942 |
_cTEXL _2CC |
||
| 999 |
_c1429035 _d1429035 |
||